Most Common Competitive Pokemon Items - Statistics

General Stats
  • This quiz has been taken 173 times
  • The average score is 16 of 20
Answer Stats
Hint Answer % Correct
If holders HP is full, they will survive an attack that would KO them with 1 HP. Single Use Focus Sash
97%
Holder is immune to ground type moves. Pops when hit. Air Balloon
96%
Holders HP is restored by 1/16 HP at the end of every turn Leftovers
95%
If holder can evolve, its' Def. and Sp. Def. are 1.5x Eviolite
94%
Holders Attack is 1.5x, but it can only use first move selected Choice Band
92%
Holders Speed is 1.5x, but it can only use first move selected Choice Scarf
92%
Holders attacks do 1.3x damage, and they lose 1/10 max HP after attack Life Orb
92%
Holders Sp. Atk. is 1.5x, but it can only use first move selected Choice Specs
90%
Restores 1/16 max HP at end of every turn if holder is Poison type, loses 1/8 HP if not Black Sludge
88%
Holders Sp. Def. is 1.5x, but it cannot use status moves Assault Vest
87%
At end of every turn, item attempts to badly poison holder Toxic Orb
87%
If holder is hit by contact move, attacker loses 1/6 of max HP Rocky Helmet
86%
If holder takes a super effective hit, raises their Atk. and Sp. Atk. 2 stages Weakness Policy
78%
Holders two turn moves complete in one turn. Single use. Power Herb
76%
Holders attacks that are super effective do 1.2x damage Expert Belt
75%
Holder wakes up if asleep Chesto Berry
72%
If holder survives a hit, attacker is forced to switch out Red Card
72%
Restores 20 HP when at 1/2 max HP or less. Useful in Little Cup. Berry Juice
56%
Cures holder of Attract, Disable, Encore, Heal Block, Taunt and Torment. Single Use. Mental Herb
56%
Raises holders speed by 1 stage when at 1/4 max HP or less. Salac Berry
44%
No matching quizzes found
Score Distribution
Percent of People with Each Score
Percentile by Number Answered
Your Score History
You have not taken this quiz